Laxton`s building price book 1982 (Record no. 85690)

MARC details
000 -LEADER
fixed length control field 00459cam a2200193 4500
001 - CONTROL NUMBER
control field D6583
008 - FIXED-LENGTH DATA ELEMENTS--GENERAL INFORMATION
fixed length control field 090401t1981 xxu||||| |||| 00| 0 eng d
035 ## - SYSTEM CONTROL NUMBER
System control number (Sirsi) u1659
041 ## - LANGUAGE CODE
Language code of text/sound track or separate title eng
050 ## - LIBRARY OF CONGRESS CALL NUMBER
Classification number 692.5
100 ## - MAIN ENTRY--PERSONAL NAME
Personal name Wheatley, N.R (ed)
245 ## - TITLE STATEMENT
Title Laxton`s building price book 1982
250 ## - EDITION STATEMENT
Edition statement 154th
260 ## - PUBLICATION, DISTRIBUTION, ETC.
Place of publication, distribution, etc. East Grinstead
Name of publisher, distributor, etc. Kelly`s Directories
Date of publication, distribution, etc. 1981
300 ## - PHYSICAL DESCRIPTION
Extent xxix. 773p. 21cm
350 ## - PRICE (NR) (BK AM CF MU VM SE) [OBSOLETE]
Price 0
942 ## - ADDED ENTRY ELEMENTS (KOHA)
Suppress in OPAC 0
948 ## - LOCAL PROCESSING INFORMATION (OCLC); SERIES PART DESIGNATOR (RLIN)
c (OCLC) 04/03/1997
Holdings
Withdrawn status Lost status Source of classification or shelving scheme Damaged status Not for loan Home library Current library Shelving location Date acquired Cost, normal purchase price Total Checkouts Full call number Barcode Date last seen Copy number Cost, replacement price Price effective from Koha item type
    Dewey Decimal Classification     London London Basement 06/02/1997 94.00   BASEMENT 30051276 06/08/2019 1 94.00 06/08/2019 Book